01754nab a2200253uuc4500001000800000005001700008008004100025035001200066040001300078041000800091100003900099245011600138260001000254520071600264650002500980650003201005650003801037650004701075700003901122700004501161700004701206700004301253773020401296145816720250208091227.0170124s2016 spa  a1458167 ccomduadb aspa10aDelgado Palacio, Yunieth4auteaut13aLa Responsabilidad Social Empresarial, una mirada a su aplicación en el sector transporte público automotor c2016.3 aRESUMEN: La Responsabilidad Social Empresarial, RSE, es uno de los conceptos modernos que ha adquirido mayor relevancia en los últimos años en el mundo, en tanto implica un compromiso de las organizaciones y empresas para el bienestar común. Este artículo, resultado de investigación, parte por identificar las prácticas de RSE que aplica el sector transporte público automotor en el Valle de Aburrá, conforme con las tres dimensiones de la Guía Global Reporting Initiative (GRI): económico, social y ambiental; para la cual se identificaron todas las empresas de transporte (buses) dedicadas a esta actividad y se evaluaron las prácticas de RSE que aplican, en concordancia con la guía. aTransporte público 7aDesarrollo sostenible2lemb aGlobal Reporting Initiative (GRI) 7aResponsabilidad social empresarial2armarc10aHerrera Cardona, Natalia4auteaut10aGallón Ruiz, Carlos Andrés4auteaut10aÁlvarez Osorio, Martha Cecilia4auteaut10aMuñoz Osorio, Lina María4auteaut0 tEn Contexto. Revista de Investigación en Administración, Contabilidad Economía y Sociedad (Medellín)gVolumen 04, Número 04, Enero-Junio de 2016, páginas 77-99w1384398x2346-32790701851